00689nam a2200241 a 4500001001300000003000900013005001700022008004100039020001000080082001600090100002100106245002300127260003300150300000900183500003500192505002600227650001200253700002100265902000800286942000700294952012900301999001700430nice12345678IN_TiNIC20260116014017.0050524s2003 inda grp 000 0 eng  ac25000a294.6bSIN9 aSingh, Khushwant aHymns of the Gurus aIndia bPenguin Books c2003 a222p aincludes index and biblioraphy2 aIndex, Quranic Verses aSikhism1 aSingh, Khushwant bSRS cBK 001040708StackRoom-aHMIbHMId2012-08-09g250.00l1o294.6 SIN9p020631r2017-11-27s2017-10-06v250.00w2005-05-24yBK c13488d13488